Расчет характеристик электрических машин. Ч. 2: Электрические машины: учебное пособие

Podrobná bibliografie
Hlavní autor: Лукутин А. В. Алексей Владимирович
Korporativní autor: Национальный исследовательский Томский политехнический университет
Další autoři: Шандарова Е. Б. Елена Борисовна
Shrnutí:Заглавие с титульного экрана
Электронная версия печатной публикации
В пособии изложены краткие теоретические пояснения по таким разделам курса, как "Трехфазный трансформатор", "Двигатель постоянного тока", "Электропривод", "Синхронный турбогенератор", варианты заданий к каждому разделу, примеры расчета, справочные данные. Включены учебно-методические материалы, предусмотренные образовательной программой по курсу "Электротехника, электроника". Предназначено для самостоятельной работы студентов неэлектротехнических направлений и специальностей ТПУ.
Режим доступа: из корпоративной сети ТПУ
Jazyk:ruština
Vydáno: Томск, Изд-во ТПУ, 2011
Témata:
On-line přístup:http://www.lib.tpu.ru/fulltext2/m/2012/m299.pdf
Médium: Elektronický zdroj Kniha
KOHA link:https://koha.lib.tpu.ru/cgi-bin/koha/opac-detail.pl?biblionumber=217405

MARC

LEADER 00000nam0a2200000 4500
001 217405
005 20250526170310.0
035 |a (RuTPU)RU\TPU\book\237399 
035 |a RU\TPU\book\225344 
090 |a 217405 
100 |a 20120605d2011 m y0rusy50 ca 
101 0 |a rus 
102 |a RU 
105 |a a j 001zy 
135 |a drnn ---uucaa 
181 0 |a i  
182 0 |a b 
200 1 |a Расчет характеристик электрических машин. Ч. 2: Электрические машины  |e учебное пособие  |f А. В. Лукутин, Е. Б. Шандарова  |g Национальный исследовательский Томский политехнический университет (ТПУ) 
203 |a Текст  |c электронный 
210 |a Томск  |c Изд-во ТПУ  |d 2011 
300 |a Заглавие с титульного экрана 
300 |a Электронная версия печатной публикации 
330 |a В пособии изложены краткие теоретические пояснения по таким разделам курса, как "Трехфазный трансформатор", "Двигатель постоянного тока", "Электропривод", "Синхронный турбогенератор", варианты заданий к каждому разделу, примеры расчета, справочные данные. Включены учебно-методические материалы, предусмотренные образовательной программой по курсу "Электротехника, электроника". Предназначено для самостоятельной работы студентов неэлектротехнических направлений и специальностей ТПУ. 
333 |a Режим доступа: из корпоративной сети ТПУ 
337 |a Adobe Reader 
606 1 |a Электрические машины  |x Расчет  |2 stltpush  |3 (RuTPU)RU\TPU\subj\27133  |9 50931 
610 1 |a трехфазные трансформаторы 
610 1 |a двигатели постоянного тока 
610 1 |a электроприводы 
610 1 |a синхронные турбогенераторы 
610 1 |a расчеты 
610 1 |a примеры 
610 1 |a учебные пособия 
610 1 |a труды учёных ТПУ 
610 1 |a электронный ресурс 
675 |a 621.313.001.24(075.8)  |v 3 
700 1 |a Лукутин  |b А. В.  |c специалист в области электротехники  |c доцент Томского политехнического университета  |g Алексей Владимирович  |9 12608 
701 1 |a Шандарова  |b Е. Б.  |c специалист в области электротехники  |c доцент Томского политехнического университета, кандидат технических наук  |f 1971-  |g Елена Борисовна  |9 11871 
712 0 2 |a Национальный исследовательский Томский политехнический университет  |c (2009- )  |9 26305 
801 1 |a RU  |b 63413507  |c 20120116 
801 2 |a RU  |b 63413507  |c 20151125  |g RCR 
850 |a 63413507 
856 4 |u http://www.lib.tpu.ru/fulltext2/m/2012/m299.pdf 
942 |c CF